| 000 | 00468nam a22001937a 4500 | ||
|---|---|---|---|
| 003 | MPLRDC | ||
| 005 | 20220104155959.0 | ||
| 008 | 210129b ||||| |||| 00| 0 eng d | ||
| 020 | _a7-81008-710-X | ||
| 082 | _a119 RYZR-4 | ||
| 100 | _a柳树滋 | ||
| 245 |
_a春风吹又生 _c |
||
| 250 | _a初版 | ||
| 260 |
_a中国 _b东北林业大学出版社 _c1996 |
||
| 300 | _b平 | ||
| 490 | _a人与自然丛书 | ||
| 650 | _a人文学 | ||
| 942 |
_cBK _o119 RYZR-4 |
||
| 999 |
_c54756 _d54746 |
||